The Beauty of Doing Mathematics. Three Public Dialogues /

Salvato in:
Dettagli Bibliografici
Autore principale: Lang, Serge (Autore)
Natura: Libro
Lingua:inglese
Pubblicazione: New York : Springer Verlag, 1985
Tags: Aggiungi Tag
Nessun Tag, puoi essere il primo ad aggiungerne!!

MARC

LEADER 00000nam a22000003a 4500
001 stu31658
005 20150617225736.5
008 940310s1985----xxu-----------------eng-d
020 |a 0-387-96149-6 
040 |a STU  |b slo 
041 0 |a eng 
044 |a xxu 
080 |a 510 
100 1 |a Lang, Serge  |4 aut 
245 1 |a The Beauty of Doing Mathematics. Three Public Dialogues /  |c [aut.] Lang,Serge 
260 |a New York :  |b Springer Verlag,  |c 1985 
300 |a 127 s 
996 |b J90558  |c J*90558  |l JJST  |s P  |a 0  |w stu31658_0001